|
|
|
|
| LEADER |
01024nam a2200265 a 4500 |
| 001 |
168 |
| 008 |
130609t19801979caua b 000 0 eng d |
| 010 |
|
|
|a 79119533
|
| 020 |
|
|
|a 0935028005
|
| 040 |
|
|
|a DLC
|c DLC
|d DLC
|d BD-DhAAL
|
| 082 |
0 |
0 |
|a 338.1/9
|
| 100 |
1 |
|
|a Lappe, Frances Moore.
|
| 245 |
1 |
0 |
|a World hunger :
|b ten myths /
|c Frances Moore Lappe & Joseph Collins.
|
| 250 |
|
|
|a 4th ed. rev. and updated.
|
| 260 |
|
|
|a San Francisco :
|b Institute for Food and Development Policy,
|c c1979 [2nd printing 1980].
|
| 300 |
|
|
|a 72 p. :
|b ill. ;
|c 22 cm.
|
| 504 |
|
|
|a Includes bibliographical references.
|
| 541 |
|
|
|e 168
|
| 650 |
|
0 |
|a Food supply.
|
| 650 |
|
0 |
|a Starvation.
|
| 700 |
1 |
|
|a Collins, Joseph,
|d 1945-
|e joint author.
|
| 710 |
2 |
|
|a Institute for Food and Development Policy (Oakland, Calif.)
|
| 852 |
1 |
|
|a Ayesha Abed Library
|j General shelf.
|
| 999 |
|
|
|c 13546
|d 13546
|
| 952 |
|
|
|0 0
|1 0
|2 ddc
|4 0
|6 338_190000000000000_LAP
|7 0
|9 22642
|a BRACUL
|b BRACUL
|c GEN
|d 2013-06-09
|g 225.00
|l 0
|o 338.19 LAP
|p 3010000168
|r 2013-06-09
|t 1
|w 2013-06-09
|y BK
|